000 01054nam a22002417a 4500
005 20240530110623.0
008 161229s2013 ua g b 000 0 ara d
017 _a2011/15118
_bمصر. دار الكتب
020 _a9789775077042
040 _aEG-CaGPL
_cEG-CaGPL
082 0 4 _221
_a953.03\
_bس ق
100 0 _aسليم مفتاح عبدالعزيز لاميلس
245 1 0 _aقبيلة بجيلة و دورها فى الدولة العربية الاسلامية :
_b( صدر الاسلام و الخلافة الاموية ) /
_cسليم مفتاح عبدالعزيز لاميلس
250 _aط. 1
260 _aالقاهرة :
_bدار الحكمة للطباعة و النشر و التوزيع ،
_c2013.
300 _a232 ص. ؛
_c24 سم.
504 _aيشتمل على ارجاعات ببليوجرافية
650 0 7 _2qrmak
_aالقبائل العربية
650 0 7 _2qrmak
_aبجيلة ( قبيلة )
651 0 7 _2qrmak
_aالدولة الاموية
942 _2ddc
_cBK
999 _c63106
_d63106